000 00459nam a22001817a 4500
999 _c6934
_d6932
005 20210904114000.0
008 200608b xxu||||| |||| 00| 0 eng d
020 _a81-742-903-6
041 _aeng
082 _a342.540 23
100 _aMANOHAR, SUJATA.V.
_95872
245 _aCONSTITUTIONAL LAW OF INDIA
250 _a(3RD ED.), 2010.
260 _aLUCKNOW
_bEASTERN BOOK COMPANY LUCKNOW
300 _a1303, ixxx;p
650 _aLAW
_95701
942 _cBK